| 000 | 01153nam a2200325 i 4500 | ||
|---|---|---|---|
| 003 | DO-SdBNP | ||
| 005 | 20240528155436.0 | ||
| 006 | a||||gr|||| 00| 0 | ||
| 007 | ta | ||
| 008 | 210218e2020 dr ac||er|||| 000 0 spa d | ||
| 020 | _a9789945613544 | ||
| 040 |
_aDO-SdBNP _bspa _cBNPHU _erda |
||
| 082 | 4 |
_aRD868.44 _bD542m _222 |
|
| 100 | 1 |
_aDíaz, Vigil, _d1880-1961 _922114 |
|
| 245 | 1 | 0 |
_aMás Fata Morganas / _cVigil Díaz ; editor: Andrés Blanco Díaz. |
| 264 |
_aSanto Domingo : _bArchivo General de la Nación, _c2020. |
||
| 300 |
_a504 páginas : _bilustraciones, retratos. ; _c22 cm. |
||
| 336 |
_2rdacontent _atexto _btxt |
||
| 337 |
_2rdamedia _asin mediación _bn |
||
| 338 |
_2rdacarrier _avolumen _bnc |
||
| 490 |
_aArchivo General de la Nación ; _x387 |
||
| 500 | _aIncluye datos biográficos del autor en las solapas de las cubiertas | ||
| 500 | _aIncluye índice | ||
| 590 | _aInventariado, 2024 / MF | ||
| 600 | 1 | 0 |
_aDíaz, Vigil, _d1880-1961 _xMás Fata Morganas _922114 |
| 650 | 4 |
_aLiteratura dominicana _979172 |
|
| 700 | 1 |
_aBlanco Díaz, Andrés, _eeditor _9172 |
|
| 910 | _aValidado. Control de calidad MFF | ||
| 942 |
_2ddc _cLBS1 |
||
| 999 |
_c49404 _d49404 |
||